[Event "23rd Medicine Hat Open"]
[Site "?"]
[Date "2017.09.24"]
[Round "5"]
[White "Jonker, Chris"]
[Black "Menard, Tyson"]
[Result "0-1"]
[WhiteElo "1563"]
[BlackElo "1799"]
[PlyCount "66"]
[EventDate "2017.??.??"]
[SourceDate "2017.09.01"]

1. d4 Nf6 2. c4 g6 3. Nc3 Bg7 4. e4 d6 5. f4 Bg4 6. Nf3 Bxf3 7. Qxf3 Nc6 8. a3
Nxd4 9. Qd1 c5 10. Qa4+ Nc6 11. Be2 O-O 12. O-O Nd4 13. Bd3 Qb6 14. Rb1 e6 15.
Be3 Ng4 16. Bc1 Nb3 17. Ne2 Nxc1 18. Rfxc1 Rad8 19. h3 Nf6 20. Kh1 Qc7 21. b4
b6 22. Qc2 Rfe8 23. f5 Rc8 24. g4 d5 25. g5 dxe4 26. gxf6 exd3 27. Qxd3 Bxf6
28. fxg6 hxg6 29. Qf3 Qc6 30. Qxc6 Rxc6 31. Rd1 cxb4 32. axb4 Rxc4 33. Rd7 Re7
0-1

[Event "23rd Medicine Hat Open"]
[Site "?"]
[Date "2017.09.23"]
[Round "1"]
[White "Scholz, Mike"]
[Black "Menard, Tyson"]
[Result "0-1"]
[WhiteElo "1457"]
[BlackElo "1799"]
[PlyCount "98"]
[EventDate "2017.??.??"]
[SourceDate "2017.09.01"]

1. Nf3 Nf6 2. b3 g6 3. Bb2 Bg7 4. d3 O-O 5. e4 d6 6. Qd2 Nxe4 7. Qc1 Nf6 8. Be2
e5 9. Nc3 Nc6 10. O-O Nh5 11. Nd5 Ne7 12. Nxe7+ Qxe7 13. c4 Nf4 14. Qe3 Nxe2+
15. Qxe2 Bg4 16. Qe4 Bxf3 17. gxf3 c6 18. Qg4 Qe6 19. Rae1 Rae8 20. Qg2 Qf5 21.
Rd1 c5 22. Qg4 Qe6 23. Qe4 Qd7 24. Bc3 Bh6 25. Qg4 Qe6 26. Qxe6 fxe6 27. Kg2
Rf5 28. Bd2 Bxd2 29. Rxd2 Ref8 30. Re2 Rxf3 31. Re3 R3f7 32. f3 a6 33. a4 b5
34. axb5 axb5 35. Rb1 Ra7 36. Rb2 Rb8 37. cxb5 Rf7 38. f4 Rxf4 39. Re4 Rxb5 40.
Rxf4 exf4 41. Kf3 Rb4 42. h3 Kf7 43. Kg4 Kf6 44. h4 d5 45. Rf2 h6 46. Rxf4+
Rxf4+ 47. Kxf4 g5+ 48. Kg4 gxh4 49. Kxh4 Kf5 0-1

[Event "23rd Medicine Hat Open"]
[Site "?"]
[Date "2017.09.23"]
[Round "2"]
[White "Zuna, Jakov"]
[Black "Scholz, Mike"]
[Result "0-1"]
[WhiteElo "1679"]
[BlackElo "1457"]
[PlyCount "94"]
[EventDate "2017.??.??"]
[SourceDate "2017.09.01"]

1. e4 g6 2. Nf3 Bg7 3. d4 d5 4. e5 Bg4 5. Be2 Bxf3 6. Bxf3 e6 7. O-O Ne7 8. c3
b5 9. Re1 a6 10. Bg5 O-O 11. Qc1 Nd7 12. Na3 c6 13. Nc2 Qe8 14. g3 c5 15. b3
cxd4 16. cxd4 Rc8 17. Qd2 Nc6 18. Ne3 Nxd4 19. Qxd4 Bxe5 20. Qh4 Bxa1 21. Rxa1
f6 22. Bh6 Ne5 23. Bg2 Rf7 24. Qd4 Qc6 25. Rd1 Qc3 26. Qb6 Qc6 27. Qd4 Qc3 28.
Qb6 Qc6 29. Qa5 Rd7 30. Qd2 Rcd8 31. Rc1 Qb7 32. Bh3 Nf3+ 33. Kg2 Nxd2 34.
Bxe6+ Rf7 35. Ng4 d4+ 36. Kh3 Qe7 37. Rc6 Ne4 38. f3 Nd6 39. Bd5 d3 40. Bf4 d2
41. Bxd2 Qe2 42. Nh6+ Kg7 43. Nxf7 Nxf7 44. Bxf7 Qxd2 45. Be6 Qh6+ 46. Kg2 Rd2+
47. Kf1 Qxh2 0-1

[Event "23rd Medicine Hat Open"]
[Site "?"]
[Date "2017.09.23"]
[Round "3"]
[White "Zuna, Jakov"]
[Black "Szulski, Adam"]
[Result "0-1"]
[WhiteElo "1679"]
[BlackElo "1696"]
[PlyCount "62"]
[EventDate "2017.??.??"]
[SourceDate "2017.09.01"]

1. e4 c5 2. Nf3 d6 3. Nc3 Nf6 4. Be2 e6 5. O-O a6 6. h3 Nc6 7. a3 b5 8. d3 Bb7
9. Bg5 Be7 10. Qd2 Qc7 11. Rfe1 Rc8 12. Rac1 h6 13. Be3 Nd7 14. Nh2 b4 15. axb4
cxb4 16. Nb1 Nc5 17. c3 Nb3 18. Qd1 Nxc1 19. Bxc1 a5 20. Ng4 Ne5 21. Ne3 Bg5
22. Rf1 Bf6 23. f4 Ng6 24. Nc4 d5 25. Ne3 dxe4 26. d4 Nxf4 27. Bb5+ Kf8 28. Ng4
Nxg2 29. Nxf6 gxf6 30. Qg4 e3 31. Rxf6 Rg8 0-1

[Event "23rd Medicine Hat Open"]
[Site "?"]
[Date "2017.09.24"]
[Round "4"]
[White "Szulski, Adam"]
[Black "Wong, Ford"]
[Result "0-1"]
[WhiteElo "1696"]
[BlackElo "1795"]
[PlyCount "103"]
[EventDate "2017.??.??"]
[SourceDate "2017.09.01"]

1. e4 g6 2. d4 Bg7 3. Nf3 d6 4. Nc3 Nd7 5. Be3 Ngf6 6. h3 O-O 7. Qd2 c5 8. d5
a6 9. a4 Qa5 10. Bd3 b5 11. b3 b4 12. Ne2 Nxe4 13. Qc1 Nc3 14. Bh6 Nxe2 15.
Bxe2 Nf6 16. Bxg7 Kxg7 17. Qb2 Kg8 18. Rd1 Ne4 19. Bc4 Qc7 20. O-O e5 21. Qc1
f5 22. Rfe1 Qg7 23. h4 Nc3 24. Rd2 h6 25. Nh2 Qf6 26. g3 f4 27. Be2 Ne4 28. Ng4
Bxg4 29. Bxg4 Nxd2 30. Be6+ Kg7 31. Qxd2 fxg3 32. fxg3 Qf3 33. Qh2 a5 34. g4
Rf4 35. h5 g5 36. Bf5 Re8 37. Qg2 Qxg2+ 38. Kxg2 e4 39. Be6 Kf6 40. Kg3 Ke5 41.
Rd1 Rf3+ 42. Kg2 Kf4 43. Re1 Rf8 44. Re2 e3 45. Bf5 Re8 46. Be6 Re7 47. Bf5 Re5
48. Re1 Rxd5 49. Bd7 Rd2+ 50. Kh1 Kg3 51. Rg1+ Kh3 52. Re1 0-1

[Event "23rd Medicine Hat Open"]
[Site "?"]
[Date "2017.09.23"]
[Round "2"]
[White "Szulski, Adam"]
[Black "Viminitz, Paul"]
[Result "0-1"]
[WhiteElo "1696"]
[BlackElo "1462"]
[PlyCount "88"]
[EventDate "2017.??.??"]
[SourceDate "2017.09.01"]

1. e4 d6 2. d4 Nf6 3. Nc3 g6 4. Nf3 Bg7 5. h3 b6 6. Bc4 c6 7. Bb3 b5 8. a3 Bb7
9. O-O O-O 10. Re1 Nbd7 11. Nh4 e5 12. d5 Qc7 13. Be3 a5 14. Qd2 b4 15. axb4
axb4 16. Na4 c5 17. f3 c4 18. Qxb4 cxb3 19. cxb3 Qb8 20. Qd2 Kh8 21. g4 Ng8 22.
f4 exf4 23. Bxf4 Be5 24. Rf1 Qd8 25. Ng2 Bxf4 26. Rxf4 Nc5 27. Qc3+ f6 28. Qb4
Qe7 29. Rd1 g5 30. Rf2 Qxe4 31. Rd4 Qe5 32. Rf5 Qe7 33. Nb6 Rab8 34. Qc3 Bc8
35. Nxc8 Rbxc8 36. Rd1 Qa7 37. Kh2 Ne4 38. Qd3 Rfe8 39. h4 Nf2 40. Qf3 Nxd1 41.
Qxd1 Re5 42. Rf3 Rce8 43. hxg5 Rxg5 44. Rh3 Ree5 0-1

[Event "23rd Medicine Hat Open"]
[Site "?"]
[Date "2017.09.23"]
[Round "3"]
[White "Jonker, Chris"]
[Black "Fitzgerald, Jerry"]
[Result "1-0"]
[WhiteElo "1563"]
[BlackElo "1523"]
[PlyCount "89"]
[EventDate "2017.??.??"]
[SourceDate "2017.09.01"]

1. d4 b6 2. Nf3 Bb7 3. c4 h6 4. Nc3 e6 5. e3 Nf6 6. Bd3 Bb4 7. O-O Bxc3 8. bxc3
O-O 9. Re1 d6 10. e4 Nbd7 11. Qc2 e5 12. Ba3 Re8 13. Nd2 c5 14. d5 Nh7 15. Rf1
Ndf6 16. f4 Ng4 17. Rae1 Bc8 18. h3 Ngf6 19. Qd1 exf4 20. Rxf4 Ng5 21. Kh2 Bd7
22. Rf2 Re5 23. Qc2 Qc8 24. Nf3 Nxf3+ 25. Rxf3 Nh5 26. Bc1 g5 27. Ref1 f6 28.
g4 Qe8 29. gxh5 Qxh5 30. Qg2 Rf8 31. Rxf6 Rxf6 32. Rxf6 Re7 33. Qf3 Qxf3 34.
Rxf3 Rf7 35. Rxf7 Kxf7 36. h4 Kf6 37. Kg3 Kg6 38. e5+ Kf7 39. e6+ Bxe6 40.
dxe6+ Kxe6 41. hxg5 hxg5 42. Bxg5 d5 43. Kf4 dxc4 44. Bxc4+ Kd6 45. Ke4 1-0

[Event "2017CICC"]
[Site "Calgary Alberta"]
[Date "2017.08.02"]
[Round "1.1"]
[White "Perron, Sean"]
[Black "Gareyev, Timur"]
[Result "0-1"]
[WhiteElo "2080"]
[BlackElo "2620"]
[PlyCount "60"]
[EventDate "2017.08.??"]
[SourceDate "2017.09.01"]

1. c4 f5 2. Nf3 g6 3. Nc3 Bg7 4. g3 e5 5. d4 e4 6. Bg5 Nf6 7. Nd2 d6 8. e3 c6
9. f3 exf3 10. Qxf3 h6 11. Bxf6 Qxf6 12. Bd3 O-O 13. O-O Be6 14. Rad1 Nd7 15.
Qg2 Rae8 16. Rde1 Qd8 17. Nf3 Nb6 18. b3 c5 19. Qc2 Nd7 20. Kg2 a6 21. Nh4 Qg5
22. Nxg6 Qxg6 23. d5 Bxc3 24. Qxc3 Bf7 25. Rxf5 Qg7 26. Qc2 Ne5 27. Be4 Bg6 28.
Rf4 Rxf4 29. exf4 Ng4 30. Re2 Rxe4 0-1

[Event "2017CICC"]
[Site "Calgary Alberta"]
[Date "2017.08.02"]
[Round "1.2"]
[White "Becerra, Julio"]
[Black "Booker, Brad"]
[Result "1-0"]
[WhiteElo "2539"]
[BlackElo "2114"]
[PlyCount "61"]
[EventDate "2017.08.??"]
[SourceDate "2017.09.01"]

1. e4 c6 2. d4 d5 3. e5 Bf5 4. Nf3 e6 5. Be2 Ne7 6. O-O Nd7 7. Nh4 Bg6 8. Nd2
Nf5 9. Nxg6 hxg6 10. Nf3 Be7 11. Bd3 c5 12. c3 a6 13. Qe2 Rc8 14. h3 Nh4 15.
Nxh4 Rxh4 16. Be3 c4 17. Bc2 b5 18. f4 Nb6 19. Rf3 Kd7 20. g4 Na4 21. Rb1 Qc7
22. Kg2 Qc6 23. Qd2 Rb8 24. f5 gxf5 25. gxf5 Rhh8 26. Qf2 b4 27. fxe6+ fxe6 28.
cxb4 Rxb4 29. Rf7 Rxb2 30. Rxb2 Nxb2 31. Rxg7 1-0

[Event "2017CICC"]
[Site "Calgary Alberta"]
[Date "2017.08.02"]
[Round "1.3"]
[White "Malek, Omid"]
[Black "Mikhalevski, Victor"]
[Result "0-1"]
[WhiteElo "2090"]
[BlackElo "2533"]
[PlyCount "58"]
[EventDate "2017.08.??"]
[SourceDate "2017.09.01"]

1. d4 Nf6 2. Bg5 Ne4 3. Bf4 c5 4. d5 Qb6 5. Nd2 Qxb2 6. Nxe4 Qb4+ 7. c3 Qxe4 8.
e3 g5 9. Bg3 Bg7 10. Rc1 d6 11. Nf3 Qg6 12. Bd3 f5 13. h4 h6 14. hxg5 hxg5 15.
Rxh8+ Bxh8 16. Qc2 Bf6 17. Kf1 Kf8 18. Kg1 Na6 19. Nd2 c4 20. Bxc4 Nc5 21. Bd3
Bd7 22. Nb3 Nxd3 23. Qxd3 Rc8 24. c4 b6 25. Qd1 Kf7 26. f3 f4 27. exf4 g4 28.
f5 Bxf5 29. f4 Bd3 0-1

[Event "2017CICC"]
[Site "Calgary Alberta"]
[Date "2017.08.02"]
[Round "1.4"]
[White "Moradiabadi, Elshan"]
[Black "Ebrahim-Shirazi, Behrooz"]
[Result "1-0"]
[WhiteElo "2530"]
[BlackElo "2037"]
[PlyCount "109"]
[EventDate "2017.08.??"]
[SourceDate "2017.09.01"]

1. d4 d5 2. c4 e6 3. Nf3 Nf6 4. Nc3 Be7 5. Bf4 O-O 6. e3 Nbd7 7. cxd5 Nxd5 8.
Nxd5 exd5 9. Bd3 Bb4+ 10. Nd2 Nf6 11. O-O Bd6 12. Bxd6 Qxd6 13. Re1 Re8 14. Qc2
Bg4 15. Rac1 c6 16. f3 Bh5 17. Qc3 Rad8 18. b4 Bg6 19. Bf1 Rc8 20. Nb3 h5 21.
Qc5 Qb8 22. a4 Nd7 23. Qc3 Bf5 24. Qd2 Qd6 25. b5 c5 26. dxc5 Nxc5 27. Nd4 Bd7
28. a5 b6 29. Ra1 Re5 30. axb6 axb6 31. Bd3 Rce8 32. f4 R5e7 33. Bc2 g6 34.
Rad1 Bg4 35. Rc1 Bd7 36. f5 Re5 37. fxg6 fxg6 38. Nf3 Bxb5 39. Nxe5 Rxe5 40.
Rb1 Bc4 41. Qd4 Re6 42. Ra1 Nd7 43. Ra8+ Nf8 44. Bd3 Bxd3 45. Qxd3 Rf6 46. Rd1
Rf5 47. Qd4 Qc6 48. Rd8 Kf7 49. Rxd5 Rxd5 50. Qxd5+ Qxd5 51. Rxd5 Ke6 52. Rb5
Nd7 53. Kf2 Kd6 54. Ke2 Kc6 55. Rg5 1-0

[Event "2017CICC"]
[Site "Calgary Alberta"]
[Date "2017.08.02"]
[Round "1.5"]
[White "Kostadinov, Georgi"]
[Black "Sambuev, Bator"]
[Result "0-1"]
[WhiteElo "2005"]
[BlackElo "2522"]
[PlyCount "66"]
[EventDate "2017.08.??"]
[SourceDate "2017.09.01"]

1. d4 Nf6 2. c4 e6 3. Nf3 b6 4. g3 Ba6 5. Qa4 c5 6. Bg2 Bb7 7. e3 Be7 8. O-O
O-O 9. Nc3 Ne4 10. Rd1 Nxc3 11. bxc3 d6 12. d5 exd5 13. cxd5 Bf6 14. Bb2 Ba6
15. Rab1 Be2 16. Rd2 b5 17. Qc2 Bxf3 18. Bxf3 Nd7 19. Be2 Rb8 20. Rdd1 Re8 21.
Bc1 Qa5 22. Bd2 c4 23. Rb4 Nb6 24. e4 Nxd5 25. Bxc4 Nxb4 26. cxb4 Qc7 27. Bd3
Qxc2 28. Bxc2 Rbc8 29. Bd3 a6 30. f4 Bc3 31. Kf2 Bxd2 32. Rxd2 Kf8 33. Ke3 f5
0-1

[Event "2017CICC"]
[Site "Calgary Alberta"]
[Date "2017.08.02"]
[Round "1.7"]
[White "Gold, Itohan"]
[Black "Foisor, Sabina-Francesca"]
[Result "0-1"]
[WhiteElo "1988"]
[BlackElo "2358"]
[PlyCount "130"]
[EventDate "2017.08.??"]
[SourceDate "2017.09.01"]

1. e4 e5 2. Nf3 Nc6 3. d4 exd4 4. Nxd4 Bc5 5. Be3 Qf6 6. c3 Nge7 7. Bc4 Ne5 8.
Be2 d5 9. O-O dxe4 10. Nd2 Qg6 11. Bh5 Nf3+ 12. N4xf3 Qxh5 13. Bxc5 Qxc5 14.
Nxe4 Qb6 15. Qa4+ Bd7 16. Qd4 O-O-O 17. Qxg7 Bc6 18. Ng3 Ng6 19. Rad1 Bxf3 20.
gxf3 Rdf8 21. Qd4 Qxd4 22. Rxd4 f5 23. f4 h5 24. f3 h4 25. Ne2 Re8 26. Kf2 Re6
27. Rg1 Rhe8 28. Rd2 c5 29. Rg5 Rf6 30. c4 Kc7 31. Nc3 Nxf4 32. Nd5+ Nxd5 33.
Rxd5 Rfe6 34. Rxc5+ Kb8 35. Kg2 f4 36. Kh3 Re2 37. Kxh4 Rxh2+ 38. Kg4 Rxb2 39.
Kxf4 Rxa2 40. Kg3 Ra3 41. Kg4 b6 42. Rc6 Kb7 43. Rf6 Ra4 44. Rg7+ Kb8 45. Rff7
Rc8 46. f4 Rcxc4 47. Kg5 Ra1 48. Rf8+ Rc8 49. Rxc8+ Kxc8 50. f5 Kd8 51. Kf6 b5
52. Rb7 a6 53. Kf7 Kc8 54. Re7 b4 55. f6 b3 56. Re2 a5 57. Ke7 Rf1 58. Rb2 a4
59. Ke6 Kc7 60. Kd5 Rxf6 61. Kc5 Rb6 62. Kc4 Kc6 63. Rb1 b2 64. Kc3 a3 65. Kc2
a2 0-1

[Event "2017CICC"]
[Site "Calgary Alberta"]
[Date "2017.08.02"]
[Round "1.9"]
[White "Gashgarian, Rob"]
[Black "Cao, Jason"]
[Result "0-1"]
[WhiteElo "1679"]
[BlackElo "2328"]
[PlyCount "80"]
[EventDate "2017.08.??"]
[SourceDate "2017.09.01"]

1. d4 Nf6 2. c4 e6 3. Nc3 Bb4 4. e3 O-O 5. Bd3 d5 6. Nge2 b6 7. a3 Bxc3+ 8.
Nxc3 Bb7 9. cxd5 Nxd5 10. O-O Nxc3 11. bxc3 c5 12. Bb2 Nd7 13. e4 Rc8 14. f4 c4
15. Bc2 f5 16. Qe2 g6 17. Rad1 Nf6 18. exf5 exf5 19. Qe6+ Kg7 20. Ba4 a6 21.
Qe2 Qd5 22. Rde1 b5 23. Bd1 Rfe8 24. Qc2 Qd6 25. Re5 Be4 26. Qf2 Nd7 27. Bc1
Nxe5 28. fxe5 Qd5 29. Bg5 Rc6 30. Re1 a5 31. Qf4 Bxg2 32. Bf6+ Kg8 33. Qg5 Bf3
34. Bc2 Be4 35. Bd1 Ree6 36. h4 b4 37. h5 Rxf6 38. exf6 Qf7 39. axb4 axb4 40.
Qe3 b3 0-1

[Event "2017CICC"]
[Site "Calgary Alberta"]
[Date "2017.08.02"]
[Round "1.10"]
[White "Zhang, Yuanchen"]
[Black "Zhao, Ian"]
[Result "1-0"]
[WhiteElo "2272"]
[BlackElo "1844"]
[PlyCount "53"]
[EventDate "2017.08.??"]
[SourceDate "2017.09.01"]

1. e4 e5 2. Nf3 Nc6 3. d4 exd4 4. Nxd4 Bc5 5. Be3 Qf6 6. c3 Nge7 7. Bc4 O-O 8.
O-O Ne5 9. Be2 Qg6 10. Nd2 d6 11. Bh5 Qf6 12. f4 N5c6 13. N2b3 Bb6 14. Qd2 Qh4
15. Bf3 f5 16. Bf2 Qf6 17. exf5 Nxd4 18. Nxd4 Nxf5 19. Nxf5 Bxf2+ 20. Rxf2 Qxf5
21. Re1 Be6 22. Rxe6 Kh8 23. Re7 Qc5 24. Qd4 Qxd4 25. cxd4 Rxf4 26. Bxb7 Rxf2
27. Bxa8 1-0

[Event "2017CICC"]
[Site "Calgary Alberta"]
[Date "2017.08.02"]
[Round "1.11"]
[White "Dave, Bhavik"]
[Black "Shi, Diwen"]
[Result "0-1"]
[WhiteElo "1771"]
[BlackElo "2261"]
[PlyCount "68"]
[EventDate "2017.08.??"]
[SourceDate "2017.09.01"]

1. d4 Nf6 2. c4 Nc6 3. Nc3 e5 4. d5 Ne7 5. e4 Ng6 6. a3 Bc5 7. Bd3 a6 8. b4 Ba7
9. Nf3 d6 10. h3 Nh5 11. Bg5 f6 12. Bd2 Nhf4 13. Bxf4 Nxf4 14. O-O O-O 15. Ne2
Nxe2+ 16. Qxe2 f5 17. exf5 Bxf5 18. Nd2 Qh4 19. Bxf5 Rxf5 20. Ne4 Bd4 21. Rae1
Raf8 22. Qg4 Qe7 23. Re2 h5 24. Qg3 Rf4 25. Qg5 Qe8 26. Qg3 R8f5 27. Qd3 Qf7
28. Qc2 h4 29. Kh1 g5 30. f3 g4 31. hxg4 Rxg4 32. Nf2 Rg3 33. Re4 Rfg5 34. Rg4
R5xg4 0-1

[Event "2017CICC"]
[Site "Calgary Alberta"]
[Date "2017.08.02"]
[Round "1.12"]
[White "Niemann, Hans Moke"]
[Black "Chandra, Anand"]
[Result "1-0"]
[WhiteElo "2254"]
[BlackElo "1682"]
[PlyCount "60"]
[EventDate "2017.08.??"]
[SourceDate "2017.09.01"]

1. d4 Nf6 2. c4 g6 3. f3 Bg7 4. e4 d6 5. Ne2 Nbd7 6. Be3 b6 7. Nec3 Bb7 8. Nd2
e6 9. Be2 c5 10. Nb5 Qb8 11. d5 exd5 12. cxd5 a6 13. Nc3 b5 14. O-O O-O 15. a4
b4 16. Ncb1 Ne8 17. Nc4 f5 18. Nbd2 Qc7 19. a5 f4 20. Bf2 g5 21. Re1 Qd8 22.
Bf1 Ndf6 23. e5 Nxd5 24. Ne4 dxe5 25. Nxc5 Bc8 26. Nb6 Nec7 27. Nxa8 Nxa8 28.
Bc4 Nac7 29. Qb3 Rf6 30. Rad1 Rd6 1-0

[Event "2017CICC"]
[Site "Calgary Alberta"]
[Date "2017.08.02"]
[Round "1.13"]
[White "Sharma, Vishruth"]
[Black "Yoo, Christopher"]
[Result "0-1"]
[WhiteElo "1454"]
[BlackElo "2242"]
[PlyCount "50"]
[EventDate "2017.08.??"]
[SourceDate "2017.09.01"]

1. e4 c5 2. Nf3 d6 3. d4 cxd4 4. Nxd4 Nf6 5. Nc3 a6 6. Be2 e5 7. Nb3 Be6 8. Bg5
Be7 9. Bxf6 Bxf6 10. O-O O-O 11. Nd5 Nd7 12. Qd2 Bg5 13. Qd3 Nb6 14. Nxb6 Qxb6
15. Rad1 Rac8 16. Rb1 a5 17. a4 Rc4 18. Qg3 Bf4 19. Bxc4 Bxg3 20. Bxe6 Bxf2+
21. Rxf2 fxe6 22. Rbf1 Rxf2 23. Rxf2 Qe3 24. Kf1 Qxe4 25. Nxa5 Qd5 0-1

[Event "2017CICC"]
[Site "Calgary Alberta"]
[Date "2017.08.02"]
[Round "1.14"]
[White "Matras-Clement, Agnieszka"]
[Black "Timmerman, Brian"]
[Result "1/2-1/2"]
[WhiteElo "2230"]
[BlackElo "1615"]
[PlyCount "101"]
[EventDate "2017.08.??"]
[SourceDate "2017.09.01"]

1. e4 c5 2. Nc3 e6 3. f4 Nc6 4. Nf3 Nge7 5. g3 d5 6. d3 g6 7. Bg2 Bg7 8. O-O
O-O 9. Bd2 a6 10. h3 b5 11. Rb1 Rb8 12. Kh2 a5 13. Qe1 a4 14. exd5 exd5 15. Ne5
Nxe5 16. fxe5 Be6 17. Bg5 Qc7 18. Bf6 d4 19. Ne4 Bxa2 20. Ra1 Bd5 21. Qd2 Bxe4
22. Bxe4 Nc6 23. Bxc6 Qxc6 24. Rf4 Rbe8 25. Raf1 Qe6 26. Re4 Qd5 27. Rh4 Bxf6
28. exf6 Qe5 29. Re4 Qh5 30. g4 Qh4 31. Qe2 Rxe4 32. Qxe4 h5 33. gxh5 Qxe4 34.
dxe4 gxh5 35. Rf5 Rc8 36. Rxh5 b4 37. Rg5+ Kf8 38. Rg1 Rc6 39. e5 Re6 40. Ra1
Rxe5 41. Rxa4 Kg8 42. c3 Re2+ 43. Kg3 Rxb2 44. cxd4 cxd4 45. Kf3 d3 46. Ke3 d2
47. Ke2 Kh7 48. Ra6 Kg6 49. Rd6 b3 50. Rb6 Kf5 51. Kd1 1/2-1/2

[Event "2017CICC"]
[Site "Calgary Alberta"]
[Date "2017.08.02"]
[Round "1.15"]
[White "Sklenka, Steve"]
[Black "Findlay, Ian"]
[Result "0-1"]
[WhiteElo "1533"]
[BlackElo "2226"]
[PlyCount "126"]
[EventDate "2017.08.??"]
[SourceDate "2017.09.01"]

1. c4 Nf6 2. Nc3 c5 3. d3 d5 4. cxd5 Nxd5 5. Nf3 Nc6 6. g3 Nc7 7. Bg2 e5 8. O-O
Be7 9. a3 O-O 10. Bd2 Be6 11. Rb1 f6 12. Qc1 Qd7 13. Re1 Rac8 14. Ne4 Na6 15.
Bc3 b5 16. Bd2 Nd4 17. Nxd4 cxd4 18. Qd1 h6 19. f4 f5 20. Nf2 exf4 21. Bxf4 Nc5
22. e3 Nb3 23. exd4 Nxd4 24. Be3 Nc2 25. Re2 Nxe3 26. Rxe3 Bc5 27. Re2 Rfd8 28.
Qe1 Bf7 29. Kh1 Bd5 30. Qf1 Re8 31. Rbe1 Bxg2+ 32. Qxg2 Rxe2 33. Rxe2 Bxf2 34.
Rxf2 Qxd3 35. h4 a6 36. Rd2 Qc4 37. Qe2 Qxe2 38. Rxe2 Kf7 39. Kg2 Kf6 40. Kf3
Rc6 41. Rd2 g5 42. hxg5+ hxg5 43. Ke3 Ke5 44. Kf3 Rd6 45. Re2+ Kf6 46. Kf2 Rd3
47. Rc2 Ke5 48. Re2+ Kd5 49. Rc2 a5 50. Re2 a4 51. Rc2 Kd4 52. Re2 Kc4 53. Kg2
Rd5 54. Kf2 Kb3 55. Ke1 Ka2 56. Rc2 Kb1 57. Rf2 Kc1 58. Rf3 Kxb2 59. Ke2 b4 60.
axb4 a3 61. Ke3 a2 62. Rf2+ Kb3 63. Rf1 Kxb4 0-1

[Event "2017CICC"]
[Site "Calgary Alberta"]
[Date "2017.08.03"]
[Round "2.2"]
[White "Cao, Jason"]
[Black "Becerra, Julio"]
[Result "1/2-1/2"]
[WhiteElo "2328"]
[BlackElo "2539"]
[PlyCount "114"]
[EventDate "2017.08.??"]
[SourceDate "2017.09.01"]

1. e4 e5 2. Nf3 Nc6 3. Bb5 a6 4. Ba4 Nf6 5. d3 d6 6. c3 g6 7. O-O Bg7 8. Re1
O-O 9. Bg5 h6 10. Bh4 b5 11. Bc2 Nb8 12. Nbd2 Nbd7 13. a4 Bb7 14. Nf1 c5 15.
Ne3 Qc7 16. h3 d5 17. exd5 Nxd5 18. Nxd5 Bxd5 19. Bb3 Qb7 20. Bxd5 Qxd5 21. Qe2
f5 22. Bg3 f4 23. Bh2 b4 24. Nd2 Rfd8 25. Nc4 Rab8 26. a5 g5 27. f3 Nf8 28.
Red1 bxc3 29. bxc3 Rb3 30. Qc2 Rdb8 31. Rab1 Rxb1 32. Rxb1 Rd8 33. Rd1 h5 34.
Kh1 Ng6 35. Qe2 Qb7 36. Bg1 Qd5 37. Bf2 Bf8 38. Kg1 Bg7 39. Qb2 g4 40. hxg4
hxg4 41. fxg4 e4 42. Nb6 Qe6 43. Bxc5 Qxg4 44. Rf1 exd3 45. Bd4 Re8 46. Nc4
Bxd4+ 47. cxd4 Re2 48. Qb8+ Kg7 49. Qb7+ Kh6 50. Ne5 Nxe5 51. dxe5 d2 52. Qxa6+
Kh5 53. Qb7 Rxg2+ 54. Qxg2 d1=Q 55. Rxd1 Qxd1+ 56. Qf1 Qg4+ 57. Qg2 Qd1+
1/2-1/2

[Event "2017CICC"]
[Site "Calgary Alberta"]
[Date "2017.08.03"]
[Round "2.3"]
[White "Mikhalevski, Victor"]
[Black "Zhang, Yuanchen"]
[Result "1-0"]
[WhiteElo "2533"]
[BlackElo "2272"]
[PlyCount "59"]
[EventDate "2017.08.??"]
[SourceDate "2017.09.01"]

1. Nf3 Nf6 2. c4 e6 3. g3 d5 4. Bg2 Be7 5. O-O O-O 6. b3 d4 7. e3 c5 8. exd4
cxd4 9. Re1 Nc6 10. d3 Re8 11. Na3 Nd7 12. Nc2 e5 13. Rb1 a5 14. a3 f6 15. b4
Nb6 16. c5 Nd5 17. Bd2 Bg4 18. b5 Na7 19. Ncxd4 Bxc5 20. Qb3 Kh8 21. h3 Bh5 22.
Nf5 Bf7 23. d4 exd4 24. N3xd4 Qd7 25. Qf3 a4 26. Red1 Nc8 27. Nxg7 Bxd4 28.
Nxe8 Qxe8 29. Bh6 Qe5 30. Qg4 1-0

[Event "2017CICC"]
[Site "Calgary Alberta"]
[Date "2017.08.03"]
[Round "2.4"]
[White "Shi, Diwen"]
[Black "Moradiabadi, Elshan"]
[Result "1/2-1/2"]
[WhiteElo "2261"]
[BlackElo "2530"]
[PlyCount "60"]
[EventDate "2017.08.??"]
[SourceDate "2017.09.01"]

1. e4 c6 2. d4 d5 3. e5 Bf5 4. Nf3 e6 5. Be2 h6 6. O-O Ne7 7. b3 Nd7 8. Ba3 g5
9. Ne1 c5 10. dxc5 Bg7 11. Nd3 Nxe5 12. c3 Qc7 13. Re1 O-O-O 14. b4 d4 15. c4
Nxc4 16. Qb3 Ne5 17. Bb2 Nd5 18. Na3 Nc3 19. Bxc3 dxc3 20. Nb5 Qb8 21. Nd6+
Rxd6 22. cxd6 Qxd6 23. Qxc3+ Kb8 24. Qc5 Qxc5 25. Nxc5 Nc6 26. Rac1 Bb2 27.
Na6+ Ka8 28. Nc7+ Kb8 29. Na6+ Ka8 30. Nc7+ Kb8 1/2-1/2

[Event "2017CICC"]
[Site "Calgary Alberta"]
[Date "2017.08.03"]
[Round "2.5"]
[White "Sambuev, Bator"]
[Black "Niemann, Hans Moke"]
[Result "1-0"]
[WhiteElo "2522"]
[BlackElo "2254"]
[PlyCount "87"]
[EventDate "2017.08.??"]
[SourceDate "2017.09.01"]

1. d4 Nf6 2. Nf3 c5 3. c3 cxd4 4. cxd4 d5 5. Nc3 Nc6 6. Ne5 Nd7 7. Nxc6 bxc6 8.
g3 e6 9. Bg2 Be7 10. O-O O-O 11. Bf4 Ba6 12. Qa4 Bb7 13. Rac1 Nb6 14. Qb3 Ba6
15. Rfd1 g5 16. Bd2 Rb8 17. Qc2 Nc4 18. b3 Na3 19. Qb2 Nc4 20. Qa1 Nxd2 21.
Rxd2 Ba3 22. Rcc2 f5 23. Na4 Bb5 24. Nc5 Rf6 25. Qc3 a5 26. Qe3 h6 27. Qe5 Bxc5
28. Rxc5 a4 29. e3 axb3 30. axb3 f4 31. exf4 gxf4 32. Bh3 Qf8 33. Ra2 Re8 34.
Rc3 fxg3 35. hxg3 Qf7 36. Re3 h5 37. f4 h4 38. Rg2 c5 39. dxc5 Kh7 40. Rh2 Rh6
41. g4 Qg6 42. g5 d4 43. Re1 Bc6 44. Qc7+ 1-0

[Event "2017CICC"]
[Site "Calgary Alberta"]
[Date "2017.08.03"]
[Round "2.7"]
[White "Foisor, Sabina-Francesca"]
[Black "Haessel, Dale"]
[Result "1-0"]
[WhiteElo "2358"]
[BlackElo "2205"]
[PlyCount "99"]
[EventDate "2017.08.??"]
[SourceDate "2017.09.01"]

1. d4 Nf6 2. c4 g6 3. Nf3 Bg7 4. e3 O-O 5. Be2 c5 6. d5 e6 7. Nc3 d6 8. O-O
exd5 9. cxd5 Na6 10. Nd2 Nc7 11. e4 Re8 12. a4 a6 13. f4 Rb8 14. a5 Bd7 15. Re1
Nb5 16. Nxb5 Bxb5 17. Bf3 Nd7 18. Nb1 c4 19. Nc3 Nc5 20. Be3 Nd3 21. Re2 Nxb2
22. Rxb2 Bxc3 23. Bd4 Bxa5 24. Kh1 Bb6 25. Bc3 Bc5 26. e5 Bd7 27. e6 fxe6 28.
dxe6 Bxe6 29. Bxb7 Qc7 30. Qf3 Re7 31. Bd5 Bf7 32. f5 Rxb2 33. fxg6 hxg6 34.
Bxb2 Bxd5 35. Qxd5+ Kf8 36. Qa8+ Kf7 37. Rf1+ Ke6 38. Qe4+ Kd7 39. Qg4+ Kc6 40.
Qxc4 Qb6 41. Bf6 Re3 42. Qg4 Qb4 43. Qc8+ Kb6 44. Bd8+ Kb5 45. Qb7+ Kc4 46.
Qxa6+ Kd5 47. Qa8+ Ke6 48. Bg5 Qe1 49. Qe8+ Kd5 50. Rxe1 1-0

[Event "2017CICC"]
[Site "Calgary Alberta"]
[Date "2017.08.03"]
[Round "2.8"]
[White "Findlay, Ian"]
[Black "Matras-Clement, Agnieszka"]
[Result "1/2-1/2"]
[WhiteElo "2226"]
[BlackElo "2230"]
[PlyCount "77"]
[EventDate "2017.08.??"]
[SourceDate "2017.09.01"]

1. e4 c5 2. Nf3 Nc6 3. d4 cxd4 4. Nxd4 Nf6 5. Nc3 e6 6. Ndb5 Bb4 7. a3 Bxc3+ 8.
Nxc3 d5 9. exd5 exd5 10. Bd3 O-O 11. O-O d4 12. Ne4 Bf5 13. Bg5 Bxe4 14. Bxe4
h6 15. Bxf6 Qxf6 16. Re1 Rad8 17. Qf3 Qxf3 18. Bxf3 d3 19. cxd3 Rxd3 20. Rad1
Rxd1 21. Rxd1 Rd8 22. Rxd8+ Nxd8 23. Kf1 Kf8 24. Ke2 Ke7 25. Kd3 Kd6 26. Kc4
Nc6 27. Bxc6 Kxc6 28. a4 a6 29. b4 b6 30. Kd4 Kd6 31. f4 Ke6 32. g4 Kd6 33. h4
g6 34. Ke4 Ke6 35. g5 h5 36. f5+ Kd6 37. fxg6 fxg6 38. Kd4 a5 39. b5 1/2-1/2